| 000 | 00384nam a2200133Ia 4500 | ||
|---|---|---|---|
| 008 | 191201s2019 xx 000 0 und d | ||
| 082 | _a615.191 SAS | ||
| 100 | _aSalunkhe, Vijay.R | ||
| 245 | 0 | _aStep in Quality Assurance in Pharmaceuticals | |
| 260 |
_bNirali Prakashan _aNew Delhi _c2019 |
||
| 300 | _a9.13 | ||
| 650 | _aPharmaceutical Analysis & Quality Assurance | ||
| 942 |
_2ddc _cBK |
||
| 999 |
_c8344 _d8344 |
||